| 000 | 00000nam##2200000za#4500 |
| 001 | 9.699179 |
| 003 | CaOODSP |
| 005 | 20241203113638 |
| 007 | cr ||||||||||| |
| 008 | 150407|1994||||xxc|||||o f|0| 0 eng|d |
| 040 | |aCaOODSP|beng |
| 043 | |an-cn--- |
| 086 | 1 |aEn84-122/1994E-PDF |
| 110 | 1 |aCanada. |bEnvironment Canada. |
| 245 | 12|aA water efficiency planning guide for building owners and managers : |h[electronic resource]|bwater efficiency makes good business sense / |cjointly produced by Canada Communication Group, Environment Canada, and the Regional Municipality of Ottawa-Carleton. |
| 260 | |aOttawa - Ontario : |bEnvironment Canada |c[1994]. |
| 300 | |a4p. |
| 590 | |a14-21-Supp|b2014-12-11 |
| 690 | 07|aBusinesses|2gcpds |
| 690 | 07|aWater conservation|2gcpds |
| 690 | 07|aProperty|2gcpds |
| 775 | 08|tGuide de planification pour la valorisation de l'eau à l'intention des propriétaires et administrateurs d'immeuble : |w(CaOODSP)9.643287 |
| 856 | 40|ahttp://publications.gc.ca|qPDF|s940 KB|uhttps://publications.gc.ca/collections/collection_2014/ec/En84-122-1994-eng.pdf |